• 首页
  • 本馆介绍
  • 公告通知
  • 最新文献
  • 馆藏检索
  • 电子资源
  • 读者导购
  • 参考咨询
  • 我的图书馆
  • 登录
  • 详细信息显示
  • 放入我的书架
  • 预约/预借图书
  • 作者相关作品
  • 分类相关作品
  • 丛书相关作品
  • 出版社相关作品

书目信息

  • 表格格式
  • 工作单格式
  • 卡片格式
题名:
保龄球十日通
    
 
作者: 尹洪满 , 左琳 编著
分册:  
出版信息: 北京   京华出版社  1999
页数: 184页
开本: 20cm
丛书名: 十日通丛书
单 册:
中图分类: G849.4
科图分类:
主题词: 保龄运动--bao ling yun dong
电子资源:
ISBN: 7-80600-246-4
000 00686n 2200253 450
001 073000000975
005 20091021150814.16
010    @a7-80600-246-4@dCNY16.00
100    @a20040131d km y0chiy0121 eb
101 0  @achi
105    @ay z000yy
200 10 @a保龄球十日通@f尹洪满, 左琳编著@Abao ling qiu shi ri tong
205    @a2版
210    @a北京@c京华出版社@d1999
215    @a184页@d20cm
225 2  @a十日通丛书
410  0 @12001 @a十日通丛书
606    @a保龄运动@Abao ling yun dong
690    @aG849.4@v4
701  0 @a尹洪满@Ayin hong man@4编著
701    @a左琳@Azuo lin@4编著
801  0 @aCN@bHX@c20091021
905    @aBZT@dG849.4@e3
906    @dCNY16.00@n0@r1
    
    保龄球十日通/尹洪满, 左琳编著.-2版.-北京:京华出版社,1999
    184页;20cm.-(十日通丛书)
    
    
    ISBN 7-80600-246-4:CNY16.00
    
●
相关链接 在五车中查询图书 在当当中查询图书 在豆瓣中查询图书


正题名:保龄球十日通     索取号:G849.4/3         预约/预借

序号 登录号 条形码 馆藏地/架位号 状态 备注
1 415826   210457682   中心书库北库/ 北库025架B面2列6层6/ [索取号:G849.4/3] 在馆    
2 415827   210457664   中心书库北库/ 北库025架B面2列6层7/ [索取号:G849.4/3] 在馆    
3 415828   210457673   中心书库北库/ 北库025架B面2列6层11/ [索取号:G849.4/3] 在馆    
4 415829   210457646   中心书库北库/ 北库025架B面2列6层8/ [索取号:G849.4/3] 在馆    
5 415830   210457655   中心书库北库/ 北库025架B面2列6层9/ [索取号:G849.4/3] 在馆    
6 415831   210457637   中心书库北库/ 北库025架B面2列6层10/ [索取号:G849.4/3] 在馆    
7 415832   210457628   中心书库北库/ 北库025架B面2列6层2/ [索取号:G849.4/3] 在馆    
8 415833   210457619   中心书库北库/ 北库025架B面2列6层3/ [索取号:G849.4/3] 在馆    
9 415834   210457593   中心书库北库/ 北库025架B面2列6层4/ [索取号:G849.4/3] 在馆    
10 415835   210457600   中心书库北库/ 北库025架B面2列6层5/ [索取号:G849.4/3] 在馆    
11 485884   230033996   中心书库北库/ 北库025架B面2列6层14/ [索取号:G849.4/3] 在馆    
12 485885   230033994   中心书库北库/ 北库025架B面2列6层13/ [索取号:G849.4/3] 在馆    
13 485886   230033993   中心书库北库/ 北库025架B面2列6层12/ [索取号:G849.4/3] 在馆    
14 485887   230033995   中心书库北库/ 北库025架B面2列6层16/ [索取号:G849.4/3] 在馆    
15 485888   230033997   中心书库北库/ 北库025架B面2列6层15/ [索取号:G849.4/3] 在馆    
山东省滨州职业学院图书馆 欢迎您!
大连网信软件有限公司© 版权所有